Tratado de Niza y versiones consolidadas de los Tratados de la Unión Europea y de la Comunidad Europea / (Record n. 31818)

Dettagli MARC
000 -LEADER
fixed length control field 01013nam a2200265 i 4500
003 - CONTROL NUMBER IDENTIFIER
control field IT-RoINE
005 - DATE AND TIME OF LATEST TRANSACTION
control field 20190930082418.0
008 - FIXED-LENGTH DATA ELEMENTS--GENERAL INFORMATION
fixed length control field 010622s2001 sp | r ||1 ||spa d
020 ## - INTERNATIONAL STANDARD BOOK NUMBER
International Standard Book Number 8447015785
040 ## - CATALOGING SOURCE
Original cataloging agency SpMaBN
Transcribing agency SpMaBN
Modifying agency IT-RoINE
110 2# - MAIN ENTRY--CORPORATE NAME
9 (RLIN) 42494
Corporate name or jurisdiction name as entry element Comisión Europea (Bruselas, Bélgica)
245 10 - TITLE STATEMENT
Title Tratado de Niza y versiones consolidadas de los Tratados de la Unión Europea y de la Comunidad Europea /
Statement of responsibility, etc preparación de la edición y estudio preliminar por Ricardo Alonso García.
260 ## - PUBLICATION, DISTRIBUTION, ETC. (IMPRINT)
Place of publication, distribution, etc Madrid :
Name of publisher, distributor, etc Civitas,
Date of publication, distribution, etc 2001.
300 ## - PHYSICAL DESCRIPTION
Extent LXIV, 313 p. ;
Dimensions 16 cm.
336 ## - CONTENT TYPE
Source rdacontent
Content type term text
337 ## - MEDIA TYPE
Source rdamedia
Media type term unmediated
338 ## - CARRIER TYPE
Source rdacarrier
Carrier type term volume
490 1# - SERIES STATEMENT
Series statement Biblioteca de legislación ;
Volume number/sequential designation 144.
Series statement Serie menor
500 ## - GENERAL NOTE
General note Incluye índices.
610 24 - SUBJECT ADDED ENTRY--CORPORATE NAME
Corporate name or jurisdiction name as entry element Unión Europea
General subdivision Historia
-- Fuentes
9 (RLIN) 62404
630 04 - SUBJECT ADDED ENTRY--UNIFORM TITLE
Uniform title Tratado de Niza (2001)
9 (RLIN) 62884
700 1# - ADDED ENTRY--PERSONAL NAME
Personal name Alonso García, Ricardo
9 (RLIN) 62405
830 #4 - SERIES ADDED ENTRY--UNIFORM TITLE
Uniform title Biblioteca de legislación ;
Volume number/sequential designation 144.
Name of part/section of a work Serie menor
9 (RLIN) 62406
942 ## - ADDED ENTRY ELEMENTS (KOHA)
Item type Monografías
Dati di copia
Withdrawn status Lost status Damaged status Not for loan Home library Current library Date acquired Total Checkouts Full call number Barcode Date last seen Price effective from Koha item type
        Iglesia Nacional Española en Roma Iglesia Nacional Española en Roma 12/09/2019   FUE.DER 54 58392 12/09/2019 12/09/2019 Monografías